[Event "DVM U16 2015"]
[Site "Lingen (Ems) GER"]
[Date "2015.12.28"]
[Round "4"]
[White "Gröbel, Aaron"]
[Black "von Schlippe, Nikolai"]
[Result "1-0"]
[Termination "normal"]
[Board "2.2"]
[WhiteElo "1892"]
[BlackElo "1970"]
[WhiteClock "00:36:09"]
[BlackClock "00:20:08"]
[WhiteTeam "USV Volksbank Halle"]
[BlackTeam "SK Gräfelfing"]
[PlyCount "58"]
[WhiteFideId "12914851"]
[BlackFideId "12928135"]
[EventCountry "GER"]
[EventRounds "7"]
[EventType "team-swiss"]
[EventDate "2015.12.26"]

1. e4 {[%clk 1:30:57]} c5 {[%clk 1:30:57]} 2. Nf3 {[%clk 1:31:20]} d6 {[%clk
1:31:23]} 3. d4 {[%clk 1:31:44]} cxd4 {[%clk 1:31:50]} 4. Nxd4 {[%clk 1:32:08]}
Nf6 {[%clk 1:32:16]} 5. Nc3 {[%clk 1:32:28]} g6 {[%clk 1:32:41]} 6. f3 {[%clk
1:32:49]} Bg7 {[%clk 1:32:26]} 7. Be3 {[%clk 1:33:10]} Nc6 {[%clk 1:32:48]} 8.
Qd2 {[%clk 1:33:14]} O-O {[%clk 1:32:59]} 9. g4 {[%clk 1:33:36]} Nxd4 {[%clk
1:29:44]} 10. Bxd4 {[%clk 1:33:19]} Be6 {[%clk 1:29:22]} 11. h4 {[%clk
1:32:39]} d5 {[%clk 1:11:00]} 12. g5 {[%clk 1:29:20]} Nh5 {[%clk 1:06:58]} 13.
Bxg7 {[%clk 1:28:41]} Kxg7 {[%clk 1:06:57]} 14. exd5 {[%clk 1:23:54]} Ng3
{[%clk 0:59:11]} 15. Rg1 {[%clk 1:21:57]} Nxf1 {[%clk 0:59:21]} 16. Rxf1 {[%clk
1:22:25]} Bf5 {[%clk 0:59:04]} 17. O-O-O {[%clk 1:20:08]} Qa5 {[%clk 0:56:02]}
18. h5 {[%clk 1:17:21]} Rad8 {[%clk 0:48:27]} 19. hxg6 {[%clk 1:09:32]} fxg6
{[%clk 0:45:11]} 20. Qe3 {[%clk 1:07:05]} Rfe8 {[%clk 0:44:02]} 21. Rh1 {[%clk
1:06:36]} e5 {[%clk 0:41:53]} 22. Rh4 {[%clk 0:46:57]} b5 {[%clk 0:36:28]} 23.
Rdh1 {[%clk 0:45:59]} h5 {[%clk 0:36:55]} 24. gxh6+ {[%clk 0:46:23]} Kh7 {[%clk
0:37:24]} 25. Qc5 {[%clk 0:44:11]} Rc8 {[%clk 0:37:03]} 26. Qb4 {[%clk
0:43:48]} Qb6 {[%clk 0:36:58]} 27. Ne4 {[%clk 0:39:36]} Rcd8 {[%clk 0:22:09]}
28. Ng5+ {[%clk 0:35:56]} Kg8 {[%clk 0:19:40]} 29. h7+ {[%clk 0:36:09]} Kg7
{[%clk 0:20:08]} 1-0

[Event "DVM U16 2015"]
[Site "Lingen (Ems) GER"]
[Date "2015.12.28"]
[Round "4"]
[White "Shvartsman, Kristina"]
[Black "Perekhozhuk, Maksym"]
[Result "0-1"]
[Termination "normal"]
[Board "2.3"]
[WhiteElo "1417"]
[BlackElo "1875"]
[WhiteClock "00:33:24"]
[BlackClock "00:10:07"]
[WhiteTeam "SK Gräfelfing"]
[BlackTeam "USV Volksbank Halle"]
[PlyCount "60"]
[WhiteFideId "12983438"]
[BlackFideId "12914860"]
[EventCountry "GER"]
[EventRounds "7"]
[EventType "team-swiss"]
[EventDate "2015.12.26"]

1. e4 {[%clk 1:30:57]} c5 {[%clk 1:30:53]} 2. d4 {[%clk 1:31:22]} cxd4 {[%clk
1:31:09]} 3. c3 {[%clk 1:31:47]} dxc3 {[%clk 1:31:30]} 4. Nxc3 {[%clk 1:32:12]}
e6 {[%clk 1:31:37]} 5. Nf3 {[%clk 1:31:55]} Nc6 {[%clk 1:31:50]} 6. Bc4 {[%clk
1:32:06]} a6 {[%clk 1:32:10]} 7. O-O {[%clk 1:30:39]} Nge7 {[%clk 1:32:31]} 8.
Qe2 {[%clk 1:27:30]} b5 {[%clk 1:31:24]} 9. Bd3 {[%clk 1:21:08]} Ng6 {[%clk
1:25:16]} 10. Rd1 {[%clk 1:15:17]} Be7 {[%clk 1:23:51]} 11. e5 {[%clk 1:11:24]}
O-O {[%clk 1:19:50]} 12. Qe4 {[%clk 1:09:11]} Qc7 {[%clk 1:14:35]} 13. Bf4
{[%clk 1:08:50]} Bb7 {[%clk 1:13:51]} 14. Qe3 {[%clk 1:01:45]} Nb4 {[%clk
1:01:25]} 15. Rac1 {[%clk 1:00:06]} Bc5 {[%clk 0:49:43]} 16. Nd4 {[%clk
0:56:45]} Bxd4 {[%clk 0:41:56]} 17. Qxd4 {[%clk 0:54:03]} Nc6 {[%clk 0:41:07]}
18. Qe3 {[%clk 0:51:28]} Nxf4 {[%clk 0:39:03]} 19. Qxf4 {[%clk 0:51:04]} Qxe5
{[%clk 0:38:36]} 20. Qh4 {[%clk 0:50:16]} f5 {[%clk 0:33:31]} 21. Bb1 {[%clk
0:46:23]} Rad8 {[%clk 0:32:17]} 22. a3 Qf6 {[%clk 0:29:28]} 23. Qg3 {[%clk
0:43:40]} d5 {[%clk 0:17:36]} 24. Ne2 {[%clk 0:42:23]} e5 {[%clk 0:14:10]} 25.
Ba2 {[%clk 0:42:24]} Ne7 {[%clk 0:12:38]} 26. Nc3 {[%clk 0:39:02]} Kh8 {[%clk
0:12:15]} 27. Re1 {[%clk 0:38:21]} Ng6 {[%clk 0:11:18]} 28. Qh3 {[%clk
0:35:34]} d4 {[%clk 0:10:28]} 29. Nb1 {[%clk 0:33:33]} Nf4 {[%clk 0:10:08]} 30.
Qb3 {[%clk 0:33:24]} Bd5 {[%clk 0:10:07]} 0-1

[Event "DVM U16 2015"]
[Site "Lingen (Ems) GER"]
[Date "2015.12.28"]
[Round "4"]
[White "Schulte, Felix"]
[Black "Yaroshenko, Yaroslav"]
[Result "1-0"]
[Termination "normal"]
[Board "2.4"]
[WhiteElo "1813"]
[BlackElo "1702"]
[WhiteClock "00:51:39"]
[BlackClock "00:57:12"]
[WhiteTeam "USV Volksbank Halle"]
[BlackTeam "SK Gräfelfing"]
[PlyCount "45"]
[WhiteFideId "12914800"]
[BlackFideId "16204905"]
[EventCountry "GER"]
[EventRounds "7"]
[EventType "team-swiss"]
[EventDate "2015.12.26"]

1. d4 {[%clk 1:30:57]} d5 {[%clk 1:30:57]} 2. c4 {[%clk 1:31:20]} c6 {[%clk
1:31:23]} 3. Nc3 {[%clk 1:31:45]} Nf6 {[%clk 1:31:36]} 4. e3 {[%clk 1:32:05]}
e6 {[%clk 1:31:07]} 5. Nf3 {[%clk 1:32:15]} Bd6 {[%clk 1:30:56]} 6. Qc2 {[%clk
1:32:19]} Nbd7 {[%clk 1:29:55]} 7. b3 {[%clk 1:31:39]} O-O {[%clk 1:27:57]} 8.
Be2 {[%clk 1:30:42]} Re8 {[%clk 1:24:52]} 9. O-O {[%clk 1:28:38]} e5 {[%clk
1:23:40]} 10. dxe5 {[%clk 1:28:24]} Nxe5 {[%clk 1:23:52]} 11. cxd5 {[%clk
1:26:47]} Nxd5 {[%clk 1:21:43]} 12. Nxd5 {[%clk 1:26:11]} cxd5 {[%clk 1:21:37]}
13. Bb2 {[%clk 1:25:53]} Nxf3+ {[%clk 1:20:00]} 14. Bxf3 {[%clk 1:26:00]} Be5
{[%clk 1:20:19]} 15. Rfd1 {[%clk 1:21:20]} Bf5 {[%clk 1:08:24]} 16. Qxf5 {[%clk
1:15:26]} Bxb2 {[%clk 1:02:02]} 17. Bxd5 {[%clk 0:56:28]} Qc7 {[%clk 1:01:31]}
18. Rab1 {[%clk 0:55:07]} Re5 {[%clk 0:57:51]} 19. Qxf7+ {[%clk 0:53:02]} Qxf7
{[%clk 0:56:39]} 20. Bxf7+ {[%clk 0:53:30]} Kxf7 {[%clk 0:57:09]} 21. Rxb2
{[%clk 0:53:59]} Re7 {[%clk 0:57:21]} 22. Rbd2 {[%clk 0:51:52]} Rc8 {[%clk
0:57:12]} 23. g3 {[%clk 0:51:39]} 1-0

[Event "DVM U16 2015"]
[Site "Lingen (Ems) GER"]
[Date "2015.12.28"]
[Round "4"]
[White "Böhning, Kilian"]
[Black "Knudsen, Simon"]
[Result "1-0"]
[Termination "normal"]
[Board "3.1"]
[WhiteElo "2050"]
[BlackElo "1912"]
[WhiteClock "01:00:55"]
[BlackClock "00:42:48"]
[WhiteTeam "Hagener SV"]
[BlackTeam "SV Horst-Emscher 31"]
[PlyCount "55"]
[WhiteFideId "1270499"]
[BlackFideId "12985546"]
[EventCountry "GER"]
[EventRounds "7"]
[EventType "team-swiss"]
[EventDate "2015.12.26"]

1. d4 {[%clk 1:30:42]} Nf6 {[%clk 1:30:44]} 2. g4 {[%clk 1:30:29]} Nxg4 {[%clk
1:23:16]} 3. e4 {[%clk 1:30:52]} d6 {[%clk 1:23:27]} 4. Be2 {[%clk 1:30:02]}
Nf6 {[%clk 1:23:19]} 5. Nc3 {[%clk 1:29:58]} e5 {[%clk 1:19:55]} 6. Nf3 {[%clk
1:29:35]} Bg4 {[%clk 1:16:25]} 7. Rg1 {[%clk 1:27:00]} Bxf3 {[%clk 1:16:36]} 8.
Bxf3 {[%clk 1:27:19]} exd4 {[%clk 1:17:00]} 9. Qxd4 {[%clk 1:27:34]} Nc6 {[%clk
1:17:24]} 10. Qd1 {[%clk 1:23:50]} Qd7 {[%clk 1:09:15]} 11. Bg5 {[%clk
1:22:02]} Be7 {[%clk 1:08:42]} 12. Qd2 {[%clk 1:22:23]} Ne5 {[%clk 1:06:50]}
13. Be2 {[%clk 1:21:24]} a6 {[%clk 1:06:55]} 14. O-O-O {[%clk 1:21:01]} Ng6
{[%clk 1:02:48]} 15. f4 {[%clk 1:18:36]} h6 {[%clk 0:46:55]} 16. Bxf6 {[%clk
1:18:42]} Bxf6 {[%clk 0:47:20]} 17. e5 {[%clk 1:17:27]} Be7 {[%clk 0:46:32]}
18. Bg4 {[%clk 1:03:12]} Qc6 {[%clk 0:45:45]} 19. e6 {[%clk 1:03:23]} Nf8
{[%clk 0:43:02]} 20. exf7+ {[%clk 1:02:35]} Kxf7 {[%clk 0:43:24]} 21. Qd3
{[%clk 1:02:09]} g6 {[%clk 0:43:18]} 22. Bf3 {[%clk 1:02:10]} Qc5 {[%clk
0:41:44]} 23. Bd5+ {[%clk 1:01:31]} Kg7 {[%clk 0:41:20]} 24. Ne4 {[%clk
1:01:03]} Qa5 {[%clk 0:41:39]} 25. Qd4+ {[%clk 1:01:21]} Kh7 {[%clk 0:41:57]}
26. Nf6+ {[%clk 1:00:27]} Bxf6 {[%clk 0:42:23]} 27. Qxf6 {[%clk 1:00:52]} h5
{[%clk 0:42:48]} 28. f5 {[%clk 1:00:55]} 1-0

[Event "DVM U16 2015"]
[Site "Lingen (Ems) GER"]
[Date "2015.12.28"]
[Round "4"]
[White "Walker, Julia"]
[Black "Balazs, Balint"]
[Result "0-1"]
[Termination "normal"]
[Board "3.2"]
[WhiteElo "1772"]
[BlackElo "1931"]
[WhiteClock "00:11:23"]
[BlackClock "00:22:30"]
[WhiteTeam "SV Horst-Emscher 31"]
[BlackTeam "Hagener SV"]
[PlyCount "94"]
[WhiteFideId "1271852"]
[BlackFideId "12922757"]
[EventCountry "GER"]
[EventRounds "7"]
[EventType "team-swiss"]
[EventDate "2015.12.26"]

1. e4 {[%clk 1:30:58]} g6 {[%clk 1:30:50]} 2. d4 {[%clk 1:31:10]} Bg7 {[%clk
1:31:13]} 3. Nc3 {[%clk 1:31:00]} d6 {[%clk 1:30:49]} 4. f4 {[%clk 1:29:59]}
Nf6 {[%clk 1:25:56]} 5. Nf3 {[%clk 1:27:17]} O-O {[%clk 1:25:48]} 6. Bd3 {[%clk
1:26:57]} Nc6 {[%clk 1:20:16]} 7. a3 {[%clk 1:23:02]} Bg4 {[%clk 1:17:07]} 8.
Be3 {[%clk 1:19:01]} e5 {[%clk 1:16:30]} 9. dxe5 {[%clk 1:10:33]} dxe5 {[%clk
1:16:51]} 10. O-O {[%clk 1:08:12]} exf4 {[%clk 1:14:21]} 11. Bxf4 {[%clk
1:07:32]} Nd4 {[%clk 1:12:04]} 12. Be2 {[%clk 1:00:08]} Nxe2+ {[%clk 1:12:15]}
13. Qxe2 {[%clk 1:00:25]} c6 {[%clk 1:12:19]} 14. Rad1 {[%clk 0:59:55]} Qb6+
{[%clk 1:12:12]} 15. Qe3 {[%clk 0:41:41]} Qxe3+ {[%clk 1:08:42]} 16. Bxe3
{[%clk 0:42:00]} Rfe8 {[%clk 1:08:56]} 17. e5 {[%clk 0:25:05]} Nd7 {[%clk
1:05:42]} 18. h3 {[%clk 0:25:17]} Be6 {[%clk 1:02:50]} 19. Bd4 {[%clk 0:23:48]}
Bf5 {[%clk 0:54:51]} 20. Rd2 {[%clk 0:16:38]} Nxe5 {[%clk 0:50:21]} 21. Nxe5
{[%clk 0:16:24]} Bxe5 {[%clk 0:50:46]} 22. Bxe5 {[%clk 0:16:50]} Rxe5 {[%clk
0:51:11]} 23. Rfd1 {[%clk 0:17:03]} Rae8 {[%clk 0:50:18]} 24. Rd8 {[%clk
0:16:01]} Kf8 {[%clk 0:49:55]} 25. R1d2 {[%clk 0:15:24]} Ke7 {[%clk 0:48:25]}
26. R8d4 {[%clk 0:15:09]} f6 {[%clk 0:45:04]} 27. Rb4 {[%clk 0:14:22]} b5
{[%clk 0:39:16]} 28. Rbd4 {[%clk 0:14:29]} Kf7 {[%clk 0:36:05]} 29. Rd6 {[%clk
0:13:32]} R5e6 {[%clk 0:35:54]} 30. Rd7+ {[%clk 0:13:55]} R8e7 {[%clk 0:36:05]}
31. Rd8 {[%clk 0:13:52]} g5 {[%clk 0:32:49]} 32. Kf2 {[%clk 0:12:28]} h5 {[%clk
0:28:46]} 33. Ne2 {[%clk 0:12:02]} Be4 {[%clk 0:27:00]} 34. Nd4 {[%clk
0:11:42]} Re5 {[%clk 0:27:15]} 35. Rd6 {[%clk 0:11:28]} Rd5 {[%clk 0:27:08]}
36. Nxc6 {[%clk 0:11:00]} Rxd2+ {[%clk 0:27:29]} 37. Rxd2 {[%clk 0:11:05]} Bxc6
{[%clk 0:27:52]} 38. Rd6 {[%clk 0:10:47]} Bb7 {[%clk 0:27:13]} 39. c3 {[%clk
0:10:51]} Kg6 {[%clk 0:25:26]} 40. g3 {[%clk 0:10:45]} Bc8 {[%clk 0:25:24]} 41.
Rd5 {[%clk 0:10:43]} a6 {[%clk 0:24:30]} 42. Rd6 {[%clk 0:10:53]} Bxh3 {[%clk
0:23:44]} 43. Rxa6 {[%clk 0:11:14]} Bg4 {[%clk 0:24:05]} 44. b3 {[%clk
0:10:58]} Re2+ {[%clk 0:23:29]} 45. Kf1 {[%clk 0:11:18]} Rb2 {[%clk 0:23:02]}
46. b4 {[%clk 0:11:24]} Rc2 {[%clk 0:22:35]} 47. Rc6 {[%clk 0:11:23]} h4 {[%clk
0:22:30]} 0-1

[Event "DVM U16 2015"]
[Site "Lingen (Ems) GER"]
[Date "2015.12.28"]
[Round "4"]
[White "Laubrock, Paul"]
[Black "Rebentisch, Tom"]
[Result "0-1"]
[Termination "normal"]
[Board "3.3"]
[WhiteElo "1980"]
[BlackElo "1838"]
[WhiteClock "00:39:11"]
[BlackClock "01:09:19"]
[WhiteTeam "Hagener SV"]
[BlackTeam "SV Horst-Emscher 31"]
[PlyCount "122"]
[WhiteFideId "1270509"]
[BlackFideId "16202627"]
[EventCountry "GER"]
[EventRounds "7"]
[EventType "team-swiss"]
[EventDate "2015.12.26"]

1. d4 {[%clk 1:30:58]} d5 {[%clk 1:30:47]} 2. e3 {[%clk 1:31:24]} Nf6 {[%clk
1:30:48]} 3. Bd3 {[%clk 1:31:49]} c6 {[%clk 1:29:30]} 4. Nd2 {[%clk 1:32:07]}
Bg4 {[%clk 1:29:11]} 5. Ngf3 {[%clk 1:31:44]} e6 {[%clk 1:29:17]} 6. c3 {[%clk
1:31:39]} Bd6 {[%clk 1:29:27]} 7. e4 {[%clk 1:29:21]} dxe4 {[%clk 1:28:50]} 8.
Nxe4 {[%clk 1:29:38]} Nxe4 {[%clk 1:28:49]} 9. Bxe4 {[%clk 1:30:01]} Nd7 {[%clk
1:29:08]} 10. O-O {[%clk 1:29:15]} O-O {[%clk 1:29:12]} 11. Be3 {[%clk
1:27:04]} Nf6 {[%clk 1:28:46]} 12. Bd3 {[%clk 1:23:50]} Qc7 {[%clk 1:26:35]}
13. h3 {[%clk 1:23:26]} Bh5 {[%clk 1:26:55]} 14. Be2 {[%clk 1:20:16]} c5 {[%clk
1:22:50]} 15. dxc5 {[%clk 1:15:07]} Bxc5 {[%clk 1:23:08]} 16. Nd4 {[%clk
1:15:27]} Bxe2 {[%clk 1:21:27]} 17. Qxe2 {[%clk 1:15:49]} Nd5 {[%clk 1:19:55]}
18. Rfe1 {[%clk 1:09:44]} Nxe3 {[%clk 1:18:56]} 19. Qxe3 {[%clk 1:10:00]} Qb6
{[%clk 1:18:40]} 20. b4 {[%clk 1:06:12]} Bxd4 {[%clk 1:19:00]} 21. Qxd4 {[%clk
1:06:39]} Qxd4 {[%clk 1:19:20]} 22. cxd4 {[%clk 1:07:06]} Rfd8 {[%clk 1:19:33]}
23. Red1 {[%clk 1:07:17]} g6 {[%clk 1:19:20]} 24. Rac1 {[%clk 1:04:04]} Rac8
{[%clk 1:18:02]} 25. a3 {[%clk 1:00:25]} Rxc1 {[%clk 1:17:33]} 26. Rxc1 {[%clk
1:00:49]} Rxd4 {[%clk 1:17:56]} 27. Rc7 {[%clk 1:01:12]} Rd1+ {[%clk 1:18:11]}
28. Kh2 {[%clk 1:01:37]} Ra1 {[%clk 1:18:30]} 29. Rxb7 {[%clk 1:01:32]} Rxa3
{[%clk 1:18:52]} 30. Rb8+ {[%clk 1:01:14]} Kg7 {[%clk 1:19:09]} 31. b5 {[%clk
1:01:36]} Rb3 {[%clk 1:18:04]} 32. Rb7 {[%clk 1:01:58]} h5 {[%clk 1:18:06]} 33.
Rxa7 {[%clk 1:02:09]} Rxb5 {[%clk 1:18:30]} 34. Kg3 {[%clk 1:02:03]} Rg5+
{[%clk 1:18:00]} 35. Kf3 {[%clk 1:01:58]} Rf5+ {[%clk 1:17:41]} 36. Ke3 {[%clk
1:02:10]} h4 {[%clk 1:17:15]} 37. Ra4 {[%clk 0:59:44]} g5 {[%clk 1:16:21]} 38.
Ra7 {[%clk 0:59:32]} Rb5 {[%clk 1:15:35]} 39. Ra6 {[%clk 0:54:39]} Rb3+ {[%clk
1:14:00]} 40. Ke4 {[%clk 0:50:41]} Rb4+ {[%clk 1:13:33]} 41. Ke3 {[%clk
0:49:00]} Kg6 {[%clk 1:13:20]} 42. Ra8 {[%clk 0:48:57]} Kf5 {[%clk 1:13:01]}
43. Ra5+ {[%clk 0:47:09]} e5 {[%clk 1:13:19]} 44. Kf3 {[%clk 0:47:35]} Rb3+
{[%clk 1:13:20]} 45. Ke2 {[%clk 0:48:00]} Kf4 {[%clk 1:12:05]} 46. Ra7 {[%clk
0:45:30]} Rb2+ {[%clk 1:12:20]} 47. Ke1 {[%clk 0:45:43]} f5 {[%clk 1:12:11]}
48. Ra4+ {[%clk 0:45:07]} e4 {[%clk 1:12:22]} 49. Ra3 {[%clk 0:45:35]} Rb1+
{[%clk 1:11:49]} 50. Ke2 {[%clk 0:45:44]} Rg1 {[%clk 1:12:03]} 51. Rb3 {[%clk
0:45:32]} g4 {[%clk 1:10:28]} 52. hxg4 {[%clk 0:44:52]} Kxg4 {[%clk 1:09:39]}
53. f3+ {[%clk 0:42:35]} exf3+ {[%clk 1:09:42]} 54. gxf3+ {[%clk 0:43:01]} Kg3
{[%clk 1:10:04]} 55. Rb8 {[%clk 0:38:41]} Rg2+ {[%clk 1:09:34]} 56. Ke3 {[%clk
0:39:01]} f4+ {[%clk 1:09:47]} 57. Ke4 {[%clk 0:39:20]} Re2+ {[%clk 1:10:06]}
58. Kf5 {[%clk 0:39:45]} h3 {[%clk 1:09:34]} 59. Rg8+ {[%clk 0:38:55]} Kxf3
{[%clk 1:09:44]} 60. Rh8 {[%clk 0:39:12]} h2 {[%clk 1:09:49]} 61. Rh7 {[%clk
0:39:11]} Rg2 {[%clk 1:09:19]} 0-1

[Event "DVM U16 2015"]
[Site "Lingen (Ems) GER"]
[Date "2015.12.28"]
[Round "4"]
[White "Karabügül, Okan"]
[Black "Glaser, Maximilian"]
[Result "0-1"]
[Termination "normal"]
[Board "3.4"]
[WhiteElo "1821"]
[BlackElo "1759"]
[WhiteClock "00:28:44"]
[BlackClock "00:23:13"]
[WhiteTeam "SV Horst-Emscher 31"]
[BlackTeam "Hagener SV"]
[PlyCount "82"]
[WhiteFideId "12981842"]
[BlackFideId "12956961"]
[EventCountry "GER"]
[EventRounds "7"]
[EventType "team-swiss"]
[EventDate "2015.12.26"]

1. e4 {[%clk 1:30:59]} d5 {[%clk 1:30:53]} 2. exd5 {[%clk 1:31:23]} Qxd5 {[%clk
1:31:15]} 3. Nc3 {[%clk 1:31:36]} Qa5 {[%clk 1:31:35]} 4. d4 {[%clk 1:31:47]}
Nf6 {[%clk 1:30:52]} 5. Bd2 {[%clk 1:28:19]} Qb6 {[%clk 1:27:45]} 6. Nf3 {[%clk
1:26:17]} Bg4 {[%clk 1:25:12]} 7. Be2 {[%clk 1:24:02]} c6 {[%clk 1:12:58]} 8.
Na4 {[%clk 1:17:56]} Qc7 {[%clk 1:10:25]} 9. Ne5 {[%clk 1:16:36]} Bxe2 {[%clk
1:10:03]} 10. Qxe2 {[%clk 1:16:59]} e6 {[%clk 1:09:44]} 11. O-O {[%clk
1:10:50]} Nbd7 {[%clk 1:06:37]} 12. c4 {[%clk 1:08:54]} Nxe5 {[%clk 1:06:08]}
13. dxe5 {[%clk 1:07:49]} Nd7 {[%clk 1:06:26]} 14. Rfe1 {[%clk 1:06:43]} Be7
{[%clk 1:05:36]} 15. Qg4 {[%clk 1:04:16]} Rg8 {[%clk 0:58:04]} 16. Qe4 {[%clk
0:59:10]} O-O-O {[%clk 0:51:39]} 17. Bf4 {[%clk 0:48:06]} h6 {[%clk 0:49:36]}
18. a3 {[%clk 0:46:00]} Nc5 {[%clk 0:42:03]} 19. Nxc5 {[%clk 0:43:09]} Bxc5
{[%clk 0:42:27]} 20. Red1 {[%clk 0:42:39]} Rxd1+ {[%clk 0:41:28]} 21. Rxd1
{[%clk 0:43:04]} Rd8 {[%clk 0:41:52]} 22. Rd3 {[%clk 0:42:03]} Rxd3 {[%clk
0:41:44]} 23. Qxd3 {[%clk 0:42:23]} Qd7 {[%clk 0:41:24]} 24. Qxd7+ Kxd7 {[%clk
0:41:49]} 25. g4 {[%clk 0:39:12]} Bd4 {[%clk 0:41:52]} 26. b3 {[%clk 0:36:59]}
Kc7 {[%clk 0:40:46]} 27. Kf1 {[%clk 0:33:35]} Bb2 {[%clk 0:40:43]} 28. a4
{[%clk 0:33:48]} b5 {[%clk 0:32:50]} 29. cxb5 {[%clk 0:32:53]} cxb5 {[%clk
0:33:15]} 30. axb5 {[%clk 0:33:09]} Kb6 {[%clk 0:33:40]} 31. Be3+ {[%clk
0:33:16]} Kxb5 {[%clk 0:34:05]} 32. f4 {[%clk 0:33:01]} a6 {[%clk 0:34:20]} 33.
Bd2 {[%clk 0:33:02]} Kc5 {[%clk 0:33:10]} 34. h4 {[%clk 0:31:24]} Kd4 {[%clk
0:31:29]} 35. Ke2 {[%clk 0:31:19]} Ke4 {[%clk 0:31:44]} 36. h5 {[%clk 0:31:07]}
Bd4 {[%clk 0:26:31]} 37. Bc1 {[%clk 0:29:04]} Bg1 {[%clk 0:22:03]} 38. g5
{[%clk 0:28:57]} Bh2 {[%clk 0:22:15]} 39. g6 {[%clk 0:29:09]} fxg6 {[%clk
0:22:32]} 40. hxg6 {[%clk 0:29:28]} Bxf4 {[%clk 0:22:53]} 41. Ba3 {[%clk
0:28:44]} Bxe5 {[%clk 0:23:13]} 0-1

[Event "DVM U16 2015"]
[Site "Lingen (Ems) GER"]
[Date "2015.12.28"]
[Round "4"]
[White "Schnabel, Bennett"]
[Black "Kreyssig, Bruno"]
[Result "1/2-1/2"]
[Termination "normal"]
[Board "4.1"]
[WhiteElo "2072"]
[BlackElo "2049"]
[WhiteTeam "SV Mattnetz Berlin"]
[BlackTeam "SG Leipzig"]
[PlyCount "74"]
[WhiteFideId "12943290"]
[BlackFideId "4692489"]
[EventCountry "GER"]
[EventRounds "7"]
[EventType "team-swiss"]
[EventDate "2015.12.26"]

1. e4 c5 2. c3 g6 3. d4 cxd4 4. cxd4 d5 5. e5 Nc6 6. Nc3 Nh6 7. Bb5 a6 8. Ba4
Bg7 9. Nf3 Bg4 10. Be3 O-O 11. h3 Bxf3 12. Qxf3 Nf5 13. Bxc6 bxc6 14. g4 Nxe3
15. fxe3 f6 16. exf6 Bxf6 17. O-O Qd6 18. Qg2 e5 19. g5 Bg7 20. Ne2 exd4 21.
Nxd4 Rae8 22. Rxf8+ Rxf8 23. Qg4 Re8 24. Qf3 c5 25. Nc2 Qe5 26. Rd1 Qxg5+ 27.
Kh1 Re5 28. b4 cxb4 29. Rg1 Qe7 30. Qg4 Re4 31. Qc8+ Qf8 32. Qxa6 Qf3+ 33. Rg2
Qd1+ 34. Rg1 Qxc2 35. Qa8+ Bf8 36. Rf1 Qc5 37. Rxf8+ Qxf8 1/2-1/2

[Event "DVM U16 2015"]
[Site "Lingen (Ems) GER"]
[Date "2015.12.28"]
[Round "4"]
[White "Hofmann, Timo"]
[Black "Hesse, Henrik"]
[Result "1/2-1/2"]
[Termination "normal"]
[Board "4.2"]
[WhiteElo "1776"]
[BlackElo "1916"]
[WhiteTeam "SG Leipzig"]
[BlackTeam "SV Mattnetz Berlin"]
[PlyCount "61"]
[WhiteFideId "12946044"]
[BlackFideId "12952060"]
[EventCountry "GER"]
[EventRounds "7"]
[EventType "team-swiss"]
[EventDate "2015.12.26"]

1. d4 d5 2. c4 e6 3. Nc3 Nf6 4. cxd5 exd5 5. Bg5 Nbd7 6. e3 c6 7. Bd3 Bd6 8.
Qc2 O-O 9. Bxh7+ Kh8 10. Bd3 Qc7 11. Nf3 Re8 12. O-O Nf8 13. h3 N8h7 14. Bh4
Rg8 15. Ng5 g6 16. Rac1 Qd7 17. a3 Nxg5 18. Bxg5 Nh7 19. Bh4 g5 20. Bxh7 Rg7
21. Bf5 Qxf5 22. Qxf5 Bxf5 23. Bg3 Be7 24. Na4 g4 25. hxg4 Rxg4 26. Bf4 Rag8
27. g3 Bg5 28. Kg2 Bxf4 29. Rh1+ Bh7 30. exf4 R8g7 31. Rce1 1/2-1/2

[Event "DVM U16 2015"]
[Site "Lingen (Ems) GER"]
[Date "2015.12.28"]
[Round "4"]
[White "Acikel, Mert"]
[Black "Faßhauer, Jacob"]
[Result "0-1"]
[Termination "normal"]
[Board "4.3"]
[WhiteElo "1859"]
[BlackElo "1719"]
[WhiteTeam "SV Mattnetz Berlin"]
[BlackTeam "SG Leipzig"]
[PlyCount "96"]
[WhiteFideId "12956465"]
[BlackFideId "12990167"]
[EventCountry "GER"]
[EventRounds "7"]
[EventType "team-swiss"]
[EventDate "2015.12.26"]

1. e4 Nf6 2. e5 Nd5 3. d4 d6 4. c4 Nb6 5. exd6 cxd6 6. Nc3 g6 7. Be3 Bg7 8. Nf3
Nc6 9. d5 Ne5 10. Nxe5 Bxe5 11. Bd4 Nd7 12. f4 Bxd4 13. Qxd4 Nf6 14. Be2 O-O
15. O-O Bf5 16. Kh1 Qa5 17. Bd3 Bxd3 18. Qxd3 Rac8 19. Ne4 Nxe4 20. Qxe4 Rc7
21. f5 Qb4 22. b3 Qc3 23. fxg6 hxg6 24. Rac1 Qd2 25. Rc2 Qg5 26. Rcf2 Qe5 27.
Qg4 Kg7 28. Re2 Qc3 29. Qh4 Rh8 30. Qf2 Qf6 31. Qe1 Qh4 32. g3 Qg5 33. h4 Qg4
34. Kh2 Re8 35. Rf4 Qd7 36. Qf2 e5 37. dxe6 Rxe6 38. Rxe6 Qxe6 39. Qxa7 Rc5 40.
Qxb7 d5 41. Rf2 dxc4 42. Qa7 Qd5 43. Rxf7+ Qxf7 44. Qxc5 cxb3 45. Qc3+ Kh7 46.
axb3 Qf2+ 47. Kh3 Qf1+ 48. Kg4 Qf5# 0-1

[Event "DVM U16 2015"]
[Site "Lingen (Ems) GER"]
[Date "2015.12.28"]
[Round "4"]
[White "Knüpfer, Tim"]
[Black "Petersen, Marcel"]
[Result "1-0"]
[Termination "normal"]
[Board "4.4"]
[WhiteElo "1592"]
[BlackElo "1608"]
[WhiteTeam "SG Leipzig"]
[BlackTeam "SV Mattnetz Berlin"]
[PlyCount "59"]
[WhiteFideId "16217489"]
[BlackFideId "12935670"]
[EventCountry "GER"]
[EventRounds "7"]
[EventType "team-swiss"]
[EventDate "2015.12.26"]

1. e4 e5 2. Nf3 Nc6 3. Bc4 Bc5 4. b4 Bb6 5. a4 a5 6. b5 Nce7 7. Nxe5 d5 8. exd5
Nxd5 9. O-O Ngf6 10. Ba3 Be6 11. c3 Nf4 12. Bxe6 Nxe6 13. d4 Qd5 14. Nd2 Nxd4
15. cxd4 Bxd4 16. Nef3 Bxa1 17. Re1+ Kd8 18. Qxa1 Re8 19. Rc1 Kd7 20. Nf1 Kc8
21. Ne3 Qe6 22. Qc3 Qd7 23. Ne5 Ne4 24. Qb2 Qe6 25. N5c4 f6 26. Qc2 Kb8 27. Nd2
Ka7 28. Nxe4 Qxe4 29. Qxc7 Qe6 30. Bc5+ 1-0

[Event "DVM U16 2015"]
[Site "Lingen (Ems) GER"]
[Date "2015.12.28"]
[Round "4"]
[White "Kasüschke, Lars"]
[Black "Kania, Markus"]
[Result "1/2-1/2"]
[Termination "normal"]
[Board "5.1"]
[WhiteElo "1892"]
[BlackElo "1796"]
[WhiteTeam "SG Schwäbisch Gmünd 1872"]
[BlackTeam "MTV 1876 Saalfeld"]
[PlyCount "66"]
[WhiteFideId "12939510"]
[BlackFideId "12903736"]
[EventCountry "GER"]
[EventRounds "7"]
[EventType "team-swiss"]
[EventDate "2015.12.26"]

1. c4 Nf6 2. Nc3 d5 3. cxd5 Nxd5 4. d4 Nxc3 5. bxc3 g6 6. Nf3 Bg7 7. e4 c5 8.
Be3 Qa5 9. Qd2 Nc6 10. Be2 cxd4 11. cxd4 Qxd2+ 12. Kxd2 O-O 13. Rhd1 Rd8 14.
Ke1 Bg4 15. e5 Nb4 16. Rd2 Rac8 17. Kd1 Bd7 18. Rb2 Ba4+ 19. Kd2 Nc2 20. Rc1
Nxe3 21. Rxc8 Rxc8 22. fxe3 Bc6 23. Nh4 Rd8 24. Ke1 Rd7 25. Bf3 Bxf3 26. Nxf3
Rc7 27. Kd2 Kf8 28. Ng5 h6 29. Ne4 b6 30. Ng3 Ke8 31. Kd3 Kd7 32. Rf2 f6 33.
exf6 Bxf6 1/2-1/2